Online Catalogue and eLibrary

Samanalaviya : (Record no. 757)

MARC details
000 -LEADER
fixed length control field 00378nam a2200145Ia 4500
005 - DATE AND TIME OF LATEST TRANSACTION
control field 20250509024034.0
008 - FIXED-LENGTH DATA ELEMENTS--GENERAL INFORMATION
fixed length control field 240331s9999 xx 000 0 und d
082 ## - DDC Classification
Class No. 158
Item Number - Author Mark DES
100 ## - MAIN ENTRY--PERSONAL NAME
Personal name De Seram , U
245 #0 - TITLE STATEMENT
Title Samanalaviya :
Remainder of title soduru yawwanayata manpeth
260 ## - PUBLICATION, DISTRIBUTION, ETC.
Place of publication, distribution, etc. Damkotuwa
Name of publisher, distributor, etc. Malpiyali Publication
Date of publication, distribution, etc. 1999
300 ## - PHYSICAL DESCRIPTION
Extent (e.g. Volumes, Pages etc.) 56 p .,
500 ## - GENERAL NOTE
General note Story of Teenagers
942 ## - Koha item type (Biblio)
Koha item type Books in Stacks (Lending)
Holdings
Lost status Damaged status Collection code Home library Current library Shelving location Date acquired Full call number Accession Number Item type
    Lending WERC Library WERC Library Social Science Cupboard 03/31/2024 158 DES 4552 Books in Stacks (Lending)

© WERC Library